Elementary theory of equations

Αποθηκεύτηκε σε:
Λεπτομέρειες βιβλιογραφικής εγγραφής
Κύριος συγγραφέας: Borofsky, Samuel, 1907-
Μορφή: Βιβλίο
Γλώσσα:English
Δημοσίευση: New York : MacMillan, c1950
Θέματα:
Ετικέτες: Προσθήκη ετικέτας
Δεν υπάρχουν, Καταχωρήστε ετικέτα πρώτοι!

MARC

LEADER 00000cam a2200000 i 4500
001 1/97326
008 081114s1950 eng d
035 |l 10101673 
040 |a GR-MY-UA  |b gre  |e aacr 
041 0 |a eng 
082 0 |a 512.94  |2 (22) 
100 1 |a Borofsky, Samuel,   |d 1907- 
245 1 0 |a Elementary theory of equations /  |c Samuel Borofsky 
260 |a New York :   |b MacMillan,   |c c1950 
300 |a x, 302 σ.;  |b σχέδια;  |c 22 εκ. 
504 |a Περιέχει ευρετήριο 
650 0 0 |a Equations, Theory of. 
852 |a INST  |b SAMOS  |c MAG  |e 20081114  |h 512.94 BOR  |p 005300029623  |q 005300029623  |t BK  |y 0 
901 |a BIBL3-2008-3 
909 |a Σ  |b 155356 
970 |a ΡΟΥΣΣΟΥ  |b ΚΩΝΣΤΑΝΤΙΝΑ  |z 2008/11/14